Normal view
MARC view
- ريد،هربرت تأليف/فتحي ،محمد مترجم/ عبده، جرجس مترجم
Entry Personal Name
001 - CONTROL NUMBER
- control field: 13976
003 - CONTROL NUMBER IDENTIFIER
- control field: JO-AjAnu
005 - DATE AND TIME OF LATEST TRANSACTION
- control field: 20230606072532.0
008 - FIXED-LENGTH DATA ELEMENTS
- fixed length control field: 230606|| aca||aabn | a|a d
040 ## - CATALOGING SOURCE
- Original cataloging agency: JO-AjAnu
- Transcribing agency: JO-AjAnu
100 ## - HEADING--PERSONAL NAME
- Personal name: ريد،هربرت تأليف/فتحي ،محمد مترجم/ عبده، جرجس مترجم
670 ## - SOURCE DATA FOUND
- Source citation: Work cat.: (JO-AjAnu)7185: ريد،هربرت تأليف/فتحي ،محمد مترجم/ عبده، جرجس مترجم, author, الفن اليوم:مدخل الى نظرية التصوير والنحت للمعاصرين